|
|
|
|
| LEADER |
00000nam0a2200000 4500 |
| 001 |
258768 |
| 005 |
20231101233326.0 |
| 035 |
|
|
|a (RuTPU)RU\TPU\book\281656
|
| 090 |
|
|
|a 258768
|
| 100 |
|
|
|a 20140428d1977 k y0rusy50 ca
|
| 101 |
0 |
|
|a rus
|
| 102 |
|
|
|a UA
|
| 105 |
|
|
|a a z 001zy
|
| 200 |
1 |
|
|a Флуктуации и нелинейное взаимодействие волн в плазме
|f А. Г. Ситенко
|
| 210 |
|
|
|a Киев
|c Наукова думка
|d 1977
|
| 215 |
|
|
|a 248 с.
|c ил.
|
| 320 |
|
|
|a Библиогр.: с. 242-248.
|
| 606 |
1 |
|
|a Плазма
|x Волновые процессы
|2 stltpush
|3 (RuTPU)RU\TPU\subj\48887
|9 67705
|
| 610 |
1 |
|
|a статистическое описание
|
| 610 |
1 |
|
|a распределение Лиувилля
|
| 610 |
1 |
|
|a нелинейные уравнения
|
| 610 |
1 |
|
|a иерархия
|
| 610 |
1 |
|
|a тензор
|
| 610 |
1 |
|
|a электродинамические свойства
|
| 610 |
1 |
|
|a волны
|
| 610 |
1 |
|
|a нелинейное взаимодействие
|
| 610 |
1 |
|
|a флуктуации
|
| 610 |
1 |
|
|a флуктуационно-диссипативное соотношение
|
| 610 |
1 |
|
|a кинетические уравнения
|
| 610 |
1 |
|
|a рассеяние
|
| 610 |
1 |
|
|a излучение
|
| 675 |
|
|
|a 533.951
|v 3
|
| 700 |
|
1 |
|a Ситенко
|b А. Г.
|g Алексей Григорьевич
|
| 801 |
|
1 |
|a RU
|b 63413507
|c 20140428
|
| 801 |
|
2 |
|a RU
|b 63413507
|c 20150202
|g RCR
|
| 942 |
|
|
|c BK
|